[Event "World ol U16"]
[Site "Nakhchivan"]
[Date "2022.10.07"]
[Round "6.5"]
[White "Abdinova, Narmin"]
[Black "Nasibova, Narmin"]
[Result "1-0"]
[WhiteElo "1740"]
[BlackElo "1504"]
[PlyCount "71"]
[EventDate "2022.10.02"]
[EventType "team-swiss"]
[EventRounds "9"]
[EventCountry "AZE"]
[SourceTitle "CBM 210 Extra"]
[Source "ChessBase"]
[SourceDate "2022.11.30"]
[SourceVersion "1"]
[SourceVersionDate "2022.11.30"]
[SourceQuality "1"]
[WhiteTeam "Azerbaijan"]
[BlackTeam "Azerbaijan IV"]
[WhiteTeamCountry "AZE"]
[BlackTeamCountry "AZE"]

1. e4 e5 2. Nf3 Nc6 3. Bc4 Bc5 4. c3 Nf6 5. d3 d6 6. a4 a5 7. h3 h6 8. 0-0 0-0 9. Re1 Be6 10. Bb5 Nh5 11. d4 exd4 12. cxd4 Bb4 13. d5 Bxe1 14. Nxe1 Nf6 15. dxc6 Nxe4 16. cxb7 Rb8 17. Nf3 Nc5 18. Nd4 Qh4 19. Be3 Rxb7 20. Nc3 Bd7 21. Qf3 Rbb8 22. Nf5 Bxf5 23. Qxf5 Ne6 24. g3 Qb4 25. Bd3 g6 26. Qf6 c6 27. Bxg6 fxg6 28. Qxe6+ Rf7 29. Qxg6+ Rg7 30. Qe6+ Kh7 31. Qxh6+ Kg8 32. Qe6+ Rf7 33. Ne4 Qxb2 34. Rd1 Qc2 35. Qg6+ Kf8 36. Bh6+ 1-0

[Event "World School-ch U13 Girls"]
[Site "Antalya"]
[Date "2019.04.24"]
[Round "7"]
[White "Kayis, Gulcan Sena"]
[Black "Nasibova, Narmin"]
[Result "1/2-1/2"]
[WhiteElo "1550"]
[BlackElo "1505"]
[PlyCount "80"]
[EventDate "2019.04.18"]
[EventType "swiss"]
[EventRounds "9"]
[EventCountry "TUR"]
[SourceTitle "CBM 190 Extra"]
[Source "ChessBase"]
[SourceDate "2019.07.15"]
[SourceVersion "1"]
[SourceVersionDate "2019.07.15"]
[SourceQuality "1"]

1. e4 c5 2. Nc3 Nc6 3. f4 g6 4. Nf3 Bg7 5. Bb5 Nd4 6. 0-0 Nxb5 7. Nxb5 d6 8. d3 Nf6 9. Qe1 0-0 10. Nc3 a6 11. Qh4 e6 12. e5 Nd5 13. Qg3 Nxc3 14. bxc3 b6 15. Rb1 Bb7 16. Rb3 Qc7 17. d4 Bxf3 18. Qxf3 b5 19. Rb2 cxd4 20. cxd4 Rab8 21. Bd2 Rfd8 22. Bb4 Bf8 23. g4 dxe5 24. Bxf8 Kxf8 25. dxe5 Qc5+ 26. Qf2 Qxf2+ 27. Rxf2 Rd4 28. h3 Rc8 29. Rb3 Rd1+ 30. Kg2 Rc1 31. Ra3 Rc6 32. Kg3 Ke7 33. Rd2 Rg1+ 34. Kf2 Rc1 35. Kg3 Rb1 36. Rb3 Rc1 37. Ra3 Re1 38. Rad3 Rc7 39. Ra3 Rc6 40. Rad3 Rc7 1/2-1/2

[Event "Wch U10 Girls"]
[Site "Batumi"]
[Date "2016.10.22"]
[Round "4"]
[White "Wu, Rochelle"]
[Black "Nasibova, Narmin"]
[Result "1-0"]
[WhiteElo "1714"]
[BlackElo "1430"]
[PlyCount "81"]
[EventDate "2016.10.19"]
[EventType "swiss"]
[EventRounds "11"]
[EventCountry "GEO"]
[SourceTitle "EXT 2018"]
[Source "ChessBase"]
[SourceDate "2017.10.13"]
[SourceVersion "1"]
[SourceVersionDate "2017.10.13"]
[SourceQuality "1"]

1. e4 d5 2. exd5 Qxd5 3. Nc3 Qa5 4. d4 Nf6 5. Bd2 Nc6 6. Bc4 Qb6 7. Nge2 Na5 8. Bd3 Qe6 9. 0-0 Nc6 10. Nf4 Qd7 11. d5 Ne5 12. Bb5 c6 13. dxc6 bxc6 14. Nd3 Nxd3 15. Bxd3 e6 16. Qe2 Bd6 17. Rad1 Qc7 18. h3 0-0 19. Ne4 Nxe4 20. Bxe4 f5 21. Bf3 Rf6 22. Qc4 Bb7 23. Rfe1 Re8 24. Bg5 Rff8 25. Rxe6 Qf7 26. Rdxd6 Bc8 27. Bxc6 Rxe6 28. Bd5 Re1+ 29. Kh2 Be6 30. Rxe6 Rd1 31. Rd6 Rxd5 32. Qxd5 Qxd5 33. Rxd5 Rc8 34. Rd8+ Rxd8 35. Bxd8 Kf7 36. c4 Ke8 37. Ba5 Kd7 38. Kg3 Kc6 39. b4 a6 40. Kf4 g6 41. Kg5 1-0